Miasta w USA z największą liczbą wieżowców - Statystyki

Ogólne statystyki
  • Ten quiz został rozwiązany 60 razy
  • Średni wynik to 11 z 18
Statystyki odpowiedzi
# Miasto % Poprawnych
319 Nowy Jork
100%
30 Los Angeles
95%
138 Chicago
91%
64 Miami
84%
20 Dallas
73%
41 Houston
73%
25 Boston
70%
26 San Francisco
70%
22 Seattle
70%
17 Philadelphia
64%
16 Las Vegas
55%
8 Denver
52%
8 Detroit
50%
17 Atlanta
41%
11 Austin
36%
11 Minneapolis
23%
8 Charlotte
20%
10 Pittsburgh
7%
Nie znaleziono quizów pasujących do podanych kryteriów
Rozkład punktacji
Procent ludzi z każdym wynikiem
Percentyl według liczby udzielonych odpowiedzi
Twoja historia wyników
Nie rozwiązałeś tego quizu